دول العالم النامية وتحديات القرن الحادي والعشرين /
الكتاب تجربة تتقدم بها وزارة الاستثمار، مركز إعداد القادة لإدارة الأعمال والجديد فيها أنها سوف تكون في أيدي كافة الباحثين والدارسين الذي يتلقون تدريبات في إعداد القادة... والهدف منها هو شحذ القدرات الفكرية النقدية للدارسين ودعوتهم من الخروج من حيز النظرية إلى التطبيق....
Saved in:
| 主要作者: | |
|---|---|
| 格式: | 图书 |
| 语言: | 阿拉伯语 |
| 出版: |
الإسكندرية، مصر :
مؤسسة شباب الجامعة،
2002.
|
| 版: | ط. 1. |
| 主题: | |
| 标签: |
添加标签
没有标签, 成为第一个标记此记录!
|
MARC
| LEADER | 00000nam a22000007a 4500 | ||
|---|---|---|---|
| 003 | INP | ||
| 005 | 20181121153511.0 | ||
| 008 | 180217s2002 ua frb||| 001 0 ara d | ||
| 952 | |0 0 |1 0 |4 0 |6 338_017240000000000_ع_د |7 0 |8 arabic_Boo |9 3304 |a INP |b INP |c MAIN |d 2018-04-02 |l 0 |o 338.01724 ع د |p 003361 |r 2022-03-28 00:00:00 |w 2018-04-02 |y BK |0 0 | ||
| 999 | |c 5816 |d 5816 | ||
| 040 | |a EG-INP |b ara |c EG-INP | ||
| 082 | 0 | 4 | |2 21 |a 338.01724 |b ع د |
| 100 | 1 | |a سرية، عصام نور. | |
| 245 | 1 | 0 | |a دول العالم النامية وتحديات القرن الحادي والعشرين / |c تأليف عصام نور سرية. |b |
| 250 | |a ط. 1. | ||
| 260 | |a الإسكندرية، مصر : |b مؤسسة شباب الجامعة، |c 2002. | ||
| 300 | |a 105 ص. ؛ |c 24 سم. | ||
| 504 | |a يشتمل على رجاعات ببليوجرافية (ص. 103-104). | ||
| 520 | |a الكتاب تجربة تتقدم بها وزارة الاستثمار، مركز إعداد القادة لإدارة الأعمال والجديد فيها أنها سوف تكون في أيدي كافة الباحثين والدارسين الذي يتلقون تدريبات في إعداد القادة... والهدف منها هو شحذ القدرات الفكرية النقدية للدارسين ودعوتهم من الخروج من حيز النظرية إلى التطبيق. | ||
| 650 | 7 | |2 qrmak |a الاقتصاد |z الدول النامية |y العصر الحديث. | |
| 651 | 7 | |a الدول النامية |x الأحوال الاقتصادية |y العصر الحديث. |2 qrmak | |
| 651 | 7 | |2 qrmak |a الدول النامية |x السياسة الاقتصادية. | |
| 901 | |a EGPV13 | ||
| 902 | |a EGPV5 | ||
| 903 | |a copycat | ||
| 942 | |2 ddc |c BK | ||